Markovove reťazce v poistení kritických ochorení
Využitie Markovových reťazcov v poistení kritických ochorení.
Uložené v:
| Hlavný autor: | |
|---|---|
| Ďalší autori: | |
| Médium: | Kapitola |
| Jazyk: | Slovak |
| Predmet: | |
| Tagy: |
Žiadne tagy, Buďte prvý, kto otaguje tento záznam!
|
MARC
| LEADER | 00000naa a2200000 4500 | ||
|---|---|---|---|
| 001 | 0188984 | ||
| 005 | 20240502073209.8 | ||
| 041 | 0 | |a slo | |
| 044 | |a SK | ||
| 245 | 1 | 0 | |a Markovove reťazce v poistení kritických ochorení |c Petra Škrovánková, Lea Škrovánková |
| 520 | |a Využitie Markovových reťazcov v poistení kritických ochorení. | ||
| 610 | 2 | 0 | |a poistenie zdravotné |
| 610 | 2 | 0 | |a udalosti poistné |
| 610 | 2 | 0 | |a reťazce Markovove |
| 610 | 2 | 0 | |a riziko poistné |
| 100 | 1 | |a Škrovánková, Petra, 1981- | |
| 700 | 1 | |a Škrovánková, Lea, 1954- | |